[Event "XXVII RUS-chT Premier 2020"]
[Site "Sochi"]
[Date "2020.11.26"]
[Round "7.12"]
[White "Potapov, Pavel"]
[Black "Yagupov, Igor"]
[Result "1-0"]
[WhiteElo "2482"]
[BlackElo "2357"]
[Annotator "TA"]
[PlyCount "159"]
[EventDate "2020.11.19"]
[EventType "team-tourn"]
[EventCountry "RUS"]
[SourceTitle "playchess.com"]
[Source "ChessBase"]
[SourceQuality "1"]

{[%evp 11,159,16,8,-5,0,0,0,0,0,0,0,0,0,-13,-9,-12,95,134,237,213,207,0,0,0,0,-55,113,0,0,0,0,0,70,70,74,64,355,325,391,250,273,169,169,169,169,169,169,169,169,169,169,169,169,169,169,169,169,169,169,118,144,144,142,125,125,125,125,125,118,118,125,125,114,89,312,163,163,163,163,163,502,447,514,514,506,493,441,464,460,393,393,386,386,386,354,352,330,322,313,297,315,315,315,308,308,163,163,163,163,133,133,133,133,102,88,82,144,144,144,144,144,144,144,144,144,144,5061,4193,11022,10694,12756,12707,6345,2278,29971,29972,29970,29972,29972,29972,29973,29974,29973,29974,29975,29976,29976,29977,29976,29969]} 1. e4 c6 2. d4 d5 3. e5 Bf5 4. h4 h5 5. Bd3 Bxd3 6. Qxd3 e6 7. Bg5 {B12: Caro-Kann: Advance Variation.} Qb6 {7...Be7 injects fresh life into this line.} 8. Nd2 c5 9. c4 {The position is equal.} Qxb2 10. Rd1 {aiming for cxd5.} Nc6 {[%cal Bb8c6,Bc6b4,Bb4c2][%mdl 32]} 11. Ne2 Nb4 12. Qf3 $1 Nc2+ $1 13. Kf1 {[#]} Qxa2 $146 (13... Nxd4 $11 {keeps the balance.} 14. Nxd4 Qxd4) ({Predecessor:} 13... Nxd4 14. Nxd4 Qxd4 15. Qb3 Be7 16. Rh3 Bxg5 17. hxg5 Ne7 18. cxd5 {½-½ (18) Rudenko,A (2369)-Ackermann,E (2364) ICCF email 2019}) 14. dxc5 $1 $16 Bxc5 (14... Ne7 $16 {was necessary.}) 15. cxd5 $18 exd5 16. Nb3 $2 (16. Qd3 $1 $18 {[%cal Rd3b5] And now Qb5+ would win.} Be7 17. Qb5+ Kf8 18. Qxb7) 16... Ne3+ $1 $11 17. fxe3 Qxb3 18. Kf2 (18. Rxd5 $11 Nh6 19. Rxc5 Qd1+ 20. Kf2 Qxh1 21. Bxh6 Qxh4+ 22. g3) 18... Bb6 $2 (18... Ne7 $15 {stays ahead.}) 19. Rxd5 (19. Rhf1 $1 $16) 19... Nh6 20. Bxh6 Rxh6 21. Rhd1 Rd8 ({Better is} 21... Kf8 $11) 22. Rxd8+ $40 {[%mdl 192] Discovered Attack. Black needs to defend precisely.} Bxd8 23. Nd4 $1 {[%cal Rd4b3]} Qb2+ $2 {[%mdl 8192]} (23... Qc4 $14) 24. Kg1 $18 Rg6 25. Rf1 {[%csl Gf1][%cal Rf3f7]} Qa2 26. Qxb7 Rb6 27. Qe4 $1 {[%cal Re4h7]} g6 28. e6 $1 {[%cal Re6f7]} Rxe6 29. Nxe6 Qxe6 30. Qxe6+ fxe6 {[%mdl 4096] Endgame KR-KB} 31. g3 a5 32. Kf2 Be7 33. Ra1 Bb4 34. Kf3 Ke7 35. Ke4 (35. g4 $18) 35... Bc3 36. Rc1 Bb4 37. Rc4 Kf6 38. Kf4 Bd6+ 39. Kf3 Ke5 40. g4 Kd5 41. Rd4+ Kc5 42. g5 Be5 $2 (42... Kc6 $16) 43. Re4 (43. Ra4 $142) 43... Kd5 44. Ra4 Bc3 45. Rf4 $1 Kc5 $2 (45... Be1 46. Rf6 Bxh4 47. Rxg6 Ke5) 46. Ke2 Be5 47. Ra4 Bc3 48. Kd3 Bb4 49. Ra1 Kd5 50. Rf1 Ke5 51. Rf4 Be1 52. Ke2 Bg3 53. Ra4 Kf5 54. Kf3 ({Weaker is} 54. Rxa5+ e5 $16) 54... Be1 55. Re4 Bc3 56. Rf4+ Ke5 57. Ke2 Kd5 58. Kd1 (58. Rf8 $142) 58... Kc5 59. Kc2 $1 {[%cal Rc2c3]} Be1 60. Rf6 Kd6 61. Rxg6 {Cut Off at move 61} Bxh4 62. Rg8 Ke7 63. g6 {Rh8 is the strong threat.} Be1 (63... Kf6 $142) 64. Kd1 $16 Bb4 65. g7 {White threatens Rc8 and mate.} Kf7 {[#]} 66. Re8 $1 {[%mdl 512]} Kxg7 (66... Kxe8 67. g8=Q+) 67. Rxe6 a4 68. Re4 $1 {[%cal Re4b4]} Bc5 $2 {[%mdl 8192] [#]} (68... Bd6 $16) 69. Re5 $1 $18 {[%cal Re5c5]} Bb6 {[#]} 70. Ke2 $1 a3 71. Rxh5 Bd8 72. Rd5 a2 73. Rd7+ {White mates.} Kg6 74. Ra7 Kf5 75. Rxa2 Bc7 76. Kd3 Ke5 77. Rb2 Kd5 78. Rb5+ Ke6 79. Ke4 Bd8 80. Re5+ {Weighted Error Value: White=0.22/Black=0.39} 1-0

[Event "XXVII RUS-chT Premier 2020"]
[Site "Sochi"]
[Date "2020.11.26"]
[Round "7.13"]
[White "Triapishko, Alexandr"]
[Black "Iljiushenok, Ilia"]
[Result "1/2-1/2"]
[WhiteElo "2506"]
[BlackElo "2539"]
[Annotator "TA"]
[PlyCount "128"]
[EventDate "2020.11.19"]
[EventType "team-tourn"]
[EventCountry "RUS"]
[SourceTitle "playchess.com"]
[Source "ChessBase"]
[SourceQuality "1"]

{[%evp 28,128,0,0,0,0,0,0,0,-7,0,0,0,0,0,0,0,0,0,0,0,0,20,0,22,14,63,58,64,73,77,36,37,36,60,52,61,0,40,37,37,37,37,37,37,37,51,29,29,29,41,29,33,33,35,35,35,29,45,42,105,81,81,31,49,34,50,21,25,25,25,21,21,21,22,21,18,22,36,0,0,0,25,25,25,36,36,0,79,37,96,97,97,97,87,0,77,0,90,79,96,96,96]} 1. Nf3 Nf6 2. c4 g6 3. Nc3 Bg7 4. e4 d6 5. d4 O-O 6. Be2 e5 7. dxe5 dxe5 8. Qxd8 Rxd8 9. Bg5 Re8 10. Nd5 Nxd5 11. cxd5 c6 12. Bc4 cxd5 13. Bxd5 Na6 14. O-O-O Nc7 15. Bb3 a5 {[%cal Ba7a5,Ba5a4][%mdl 32] E92: King's Indian: Classical: 6 Be2 e5: 7 dxe5, 7 Be3 and Petrosian System without 7...Nbd7.} 16. a3 a4 17. Ba2 Be6 {The position is equal.} 18. Kb1 b5 {[%cal Bb7b5,Bb5b4][%mdl 32]} 19. Be3 Rab8 20. Ng5 {[#]} b4 $146 ({Predecessor:} 20... Bxa2+ 21. Kxa2 Bh6 22. h4 Bxg5 23. hxg5 b4 24. axb4 Rxb4 25. f3 Reb8 26. Rd2 Ne6 {½-½ (39) Cummings,D (2410)-Bowden,K (2250) Edinburgh 1985}) 21. Nxe6 Nxe6 22. Bxe6 fxe6 23. Bc5 b3 24. Be3 Rbc8 25. Rc1 h5 26. Bg5 Bf8 27. Rxc8 $1 Rxc8 $14 {[%mdl 4096] Endgame KRB-KRB} 28. Rc1 Ra8 29. Rc4 Kf7 30. Kc1 Bd6 31. Rc6 Bf8 32. Rc4 (32. h3 $14) 32... Ke8 33. Kd1 Kd7 34. Bd2 Bd6 35. Ke2 Ra6 36. Kd3 Ra8 37. f3 Ra6 38. Bc3 Ra8 39. Ke3 Ra6 40. Kd2 Ra8 41. Kd3 Bc7 42. h3 Ra6 43. Rc5 Ra7 {[#]} (43... h4 $14) 44. h4 $1 $16 Bd6 45. Rc4 Bc7 46. Bb4 Ra8 47. Bc5 Kc6 48. Bd4+ Kb7 49. Bc3 Rd8+ 50. Ke2 {[#] aiming for Rxc7+!} Ra8 51. Bd2 Bd6 52. Bb4 Bc7 53. Bd2 Bd6 54. Be3 Bc7 55. Rb4+ Kc6 56. Kd3 Ra6 57. Kc4 Ra5 (57... Bd6 $1 $11 {keeps the balance.}) 58. Kc3 Ra8 (58... Kd7 $14) 59. Rc4+ Kb7 60. Kb4 Ra6 61. Kb5 {And now Rxc7+! would win.} Ra5+ 62. Kb4 {Black must now prevent Rxc7+!} Ra6 $1 63. Bc5 Kc6 64. Bf2+ Kb7 {Weighted Error Value: White=0.08/Black=0.12} 1/2-1/2

[Event "XXVII RUS-chT Premier 2020"]
[Site "Sochi"]
[Date "2020.11.26"]
[Round "7.14"]
[White "Bykov, Oleg"]
[Black "Kardashevskiy, Evgeny"]
[Result "1-0"]
[WhiteElo "2362"]
[BlackElo "2436"]
[Annotator "TA"]
[PlyCount "81"]
[EventDate "2020.11.19"]
[EventType "team-tourn"]
[EventCountry "RUS"]
[SourceTitle "playchess.com"]
[Source "ChessBase"]
[SourceQuality "1"]

{[%evp 17,81,14,15,17,18,16,16,16,16,0,16,16,38,26,33,8,8,-3,14,-19,13,7,8,6,4,10,10,6,20,0,0,0,0,0,0,0,0,-25,-24,-24,-8,-51,0,-4,0,0,799,800,1015,1008,1174,1225,1167,1167,1068,929,928,928,29993,1167,1160,1160,1366,1167,922,885]} 1. d4 Nf6 2. c4 e6 3. g3 d5 4. Bg2 Be7 5. Nf3 O-O 6. O-O c6 7. Qc2 b6 8. Nbd2 Bb7 9. e4 Na6 10. a3 $1 {10.a3 is better than 10.e5. E06: Closed Catalan: Early deviations.} c5 {[%cal Rd5e4]} 11. exd5 exd5 12. dxc5 {The position is equal.} Nxc5 13. b4 Ne6 14. Bb2 dxc4 15. Nxc4 Rc8 {[#] Hoping for ...b5.} 16. Qe2 $146 ({Predecessor:} 16. Rfd1 Qc7 17. Rac1 b5 18. Ne3 Qxc2 19. Nxc2 Rfd8 20. Ncd4 Nxd4 21. Nxd4 Bxg2 22. Kxg2 Rxc1 23. Rxc1 {1-0 (37) Halkias,S (2552)-Yordanov,L (2308) Thessaloniki 2019}) 16... Rc7 17. Nce5 Qa8 18. Rad1 Be4 19. Rd2 Rd8 {White must now prevent ...Rxd2.} 20. Rfd1 Rxd2 $1 21. Rxd2 a5 22. b5 Bc5 23. Nc6 Bxc6 24. bxc6 Qxc6 25. Bxf6 gxf6 26. Nd4 Qe8 27. Nf5 Bxa3 28. h4 Bf8 29. Bd5 a4 ({Black should try} 29... Kh8 $15) 30. Kh2 Rc5 31. Qh5 {And now Bxe6 would win.} a3 $2 {[%mdl 8192]} (31... Kh8 $11) 32. Bxe6 $18 {[%mdl 64] Threatening mate with Rd8! Pin} Re5 33. Bb3 b5 {[#]} 34. Rd8 $1 {[%mdl 512]} Rxf5 (34... Qxd8 35. Qxf7+) 35. Qg4+ (35. Rxe8 $2 {too greedy.} Rxh5 36. Rc8 Re5 $19) 35... Rg5 36. Qc8 ({And not} 36. Rxe8 Rxg4 37. f4 Rg6 $17) 36... Qxd8 37. Qxd8 Rf5 {[#]} 38. Kg2 (38. Qd7 $142 $1 Be7 39. Qxe7 {[%mdl 64] Double Attack} Rxf2+ {[#]} 40. Kg1 $1 {[%mdl 512]} Rg2+ 41. Kxg2 Kg7 42. Qxf7+ Kh6 43. Qxf6+ Kh5 44. Qg5#) 38... Re5 {White is clearly winning.} 39. Qxf6 {[%csl Gf6][%cal Rb3f7][%mdl 64] Double Attack} Re7 40. Qg5+ Kh8 41. Qxb5 {Weighted Error Value: White=0.09/Black=0.51} 1-0

[Event "XXVII RUS-chT Premier 2020"]
[Site "Sochi"]
[Date "2020.11.26"]
[Round "7.15"]
[White "Musalov, Ruslan"]
[Black "Nozdrachev, Leonid"]
[Result "1-0"]
[WhiteElo "2348"]
[BlackElo "2391"]
[Annotator "TA"]
[PlyCount "81"]
[EventDate "2020.11.19"]
[EventType "team-tourn"]
[EventCountry "RUS"]
[SourceTitle "playchess.com"]
[Source "ChessBase"]
[SourceQuality "1"]

{[%evp 17,81,8,4,-1,51,54,46,7,17,11,12,18,85,95,84,68,80,70,122,98,115,112,127,92,110,122,172,167,172,187,182,88,83,118,125,120,87,65,235,207,285,285,285,285,285,276,712,712,700,692,679,662,936,906,1020,907,8092,4618,29975,29975,29981,29982,29982,29983,29983,29983]} 1. e4 c6 2. d4 d5 3. exd5 cxd5 4. c4 Nf6 5. Nc3 e6 6. Nf3 Be7 7. cxd5 Nxd5 8. Bc4 Nxc3 9. bxc3 Qc7 10. Qd3 {D41: Queen's Gambit Declined: Semi-Tarrasch with 5 cxd5.} Nc6 (10... Nd7 $11) 11. O-O $14 O-O {[#]} 12. Qe4 $146 {White is slightly better.} ({Predecessor:} 12. Bb3 Bd7 13. Re1 Rac8 14. Bd2 a6 15. Bc2 g6 16. Qe3 Bf6 17. Qh6 Nxd4 18. Ng5 Bxg5 19. Bxg5 Qxc3 {½-½ (46) Grabarczyk,B (2450)-Krysztofiak,M (2427) Police 2009}) 12... Nb4 13. Ne5 Nd5 {[%cal Bb4d5,Bd5e7,Be7f5][%mdl 32]} 14. Bd2 Bf6 (14... Bd6 $11) 15. Bd3 $16 {[%csl Gd3][%cal Re4h7] [#]} ({Much worse is} 15. Bxd5 exd5 16. Qf4 (16. Qxd5 Rd8 $11) 16... Bxe5 $11) 15... g6 16. c4 $40 {[%mdl 128] White is up to no good.} Ne7 17. Bf4 Qd8 ({Better is} 17... Qa5 $14) 18. Rfd1 Bg7 19. Rab1 Nf5 20. Bf1 Qe7 21. c5 Rd8 22. g4 g5 23. gxf5 exf5 24. Bxg5 (24. Qg2 $18 {and White stays clearly on top.} gxf4 25. Bc4) 24... Qxg5+ 25. Qg2 h6 26. Qxg5 hxg5 27. Bg2 Bxe5 $2 {Black cannot hold the game after this.} (27... a5 $14) 28. dxe5 $18 Rxd1+ 29. Rxd1 $14 {[%mdl 4096] Endgame KRB-KRB} Kf8 30. Rd8+ Ke7 31. Rg8 Ke6 $2 (31... Rb8 32. f4 (32. Rxg5 b6 $14) 32... g4) 32. c6 $18 bxc6 33. Bxc6 {[%cal Rg8e8]} Bb7 34. Rxa8 {[%cal Ra8e8]} Bxc6 35. Rxa7 {KR-KB} Bd5 {[#]} 36. f4 $1 gxf4 37. a4 {[%cal Ba2a4,Ba4a5,Ba5a6][%mdl 32]} Bb3 38. a5 {White mates.} Kxe5 39. a6 Kd6 40. Rb7 Bd5 41. Rb8 {Weighted Error Value: White=0.10/Black=0.52} 1-0

[Event "XXVII RUS-chT Premier 2020"]
[Site "Sochi"]
[Date "2020.11.26"]
[Round "7.16"]
[White "Smirnov, Timofey"]
[Black "Truskavetsky, Alexandr"]
[Result "1/2-1/2"]
[WhiteElo "2394"]
[BlackElo "2399"]
[Annotator "TA"]
[PlyCount "79"]
[EventDate "2020.11.19"]
[EventType "team-tourn"]
[EventCountry "RUS"]
[SourceTitle "playchess.com"]
[Source "ChessBase"]
[SourceQuality "1"]

{[%evp 20,79,14,2,46,-25,19,2,54,0,-7,0,24,0,11,0,0,0,0,0,0,0,0,-15,0,0,0,-7,0,0,0,0,0,0,0,-6,-6,-43,0,-22,-26,-102,-41,-43,-42,-108,-110,-181,-16,-14,-19,-25,0,0,0,0,0,0,0,0,0,0]} 1. e4 c5 2. Nf3 Nc6 3. d4 cxd4 4. Nxd4 Nf6 5. Nc3 e5 6. Ndb5 d6 7. Bg5 a6 8. Na3 b5 9. Nd5 Be7 10. Bxf6 Bxf6 11. c4 O-O {B33: Sicilian: Pelikan and Sveshnikov Variations.} 12. Be2 ({White should try} 12. cxb5 $14 Nd4 13. bxa6) 12... Rb8 13. cxb5 axb5 (13... Nd4 $11) 14. Nc2 (14. Nxb5 $14 Qa5+ 15. Ndc3 (15. b4 Nxb4 16. Nxf6+ gxf6 $14)) 14... Bg5 $11 15. O-O {[#]} f5 $146 ({Predecessor:} 15... Be6 16. Ndb4 Nxb4 17. Nxb4 Qb6 18. Bg4 Rbc8 19. Bxe6 fxe6 20. Qg4 Qd4 21. a3 Bc1 {1-0 (108) Lorenzo de la Riva,L (2399)-Gomez Jurado,L (2235) Sabadell 2018}) 16. Bf3 Kh8 17. Qd3 b4 18. Rfd1 Qa5 19. Nde3 Bxe3 20. Qxe3 f4 21. Qe1 Qd8 22. Rd3 Ba6 23. Rd2 Rf6 24. a3 b3 {[#]} 25. Nb4 $1 {[%cal Rb4c6][%mdl 512]} Nxb4 26. axb4 Bc4 27. Be2 Bxe2 28. Qxe2 f3 29. Qd3 Qd7 30. g3 (30. b5 $11 {remains equal.}) 30... h5 (30... h6 $17 31. Qc4 Rxb4 32. Ra8+ (32. Qxb4 {leads to mate.} Qh3 33. Qb8+ Kh7 34. Qg8+ {[%mdl 64] Decoy} Kxg8 35. Ra8+ Kh7 36. Rh8+ Kxh8 37. Kh1 Qg2#) 32... Kh7 33. Qg8+ (33. Qxb4 {is a self mate.} Qh3 34. Rh8+ Kg6 35. Rxh6+ gxh6 36. Rxd6 Qg2#) 33... Kg6) 31. h4 $1 $15 Kh7 32. Kh2 (32. Qf1 $15) 32... Rxb4 $17 33. Re1 {[#]} (33. Qe3 $17) 33... Qc6 $2 (33... Rf4 $1 $19 {[%mdl 512] And now ...Rd4 would win.} 34. Re3 (34. gxf4 $2 Qg4 $19 {[%mdl 64] Double Attack}) 34... Rd4 35. gxf4 Rxd3 36. Rdxd3 {[#]} Qg4 $1 {[%mdl 512]} 37. Rxf3 d5 38. Rxb3 dxe4) 34. Qe3 $11 Qc8 35. Rd3 Qg4 36. Rxb3 {The position is equal.} Rd4 37. Rd3 Rb4 38. Rb3 Rd4 39. Rd3 Rb4 40. Rb3 {Weighted Error Value: White=0.19/Black=0.22} 1/2-1/2

[Event "XXVII RUS-chT Premier 2020"]
[Site "Sochi"]
[Date "2020.11.26"]
[Round "7.17"]
[White "Alexeev, Alexey"]
[Black "Tsoi, Dmitry"]
[Result "1/2-1/2"]
[WhiteElo "2246"]
[BlackElo "2315"]
[Annotator "TA"]
[PlyCount "150"]
[EventDate "2020.11.19"]
[EventType "team-tourn"]
[EventCountry "RUS"]
[SourceTitle "playchess.com"]
[Source "ChessBase"]
[SourceQuality "1"]

{[%evp 12,150,68,72,61,38,37,37,44,37,45,27,23,31,37,43,59,51,63,50,90,79,71,41,79,79,83,82,109,104,105,104,104,100,106,86,141,68,73,60,63,16,19,9,9,0,44,14,25,28,29,25,25,26,28,0,38,29,46,5,6,6,18,18,18,18,18,18,18,18,29,25,26,25,42,12,87,87,97,91,88,51,85,51,51,29,85,85,80,70,142,85,86,86,90,42,107,11,11,11,11,11,11,11,11,11,11,11,11,0,11,11,11,0,0,0,0,0,0,0,0,0,11,0,11,0,0,0,0,0,0,0,11,0,0,0,0,0,0,0,0]} 1. d4 d5 2. c4 e6 3. Nc3 c6 4. Nf3 f5 5. Bg5 Nf6 6. e3 Bd6 7. Be2 O-O {A85: Dutch Defence: 2 c4 Nf6 3 Nc3.} 8. Bh4 Qe8 9. Bg3 Qe7 {White is slightly better.} 10. Bxd6 Qxd6 11. Ne5 Nbd7 12. f4 Qe7 13. O-O Nxe5 14. fxe5 Ne8 {[#]} 15. Qd2 $146 ({Predecessor:} 15. a3 g5 16. Qd2 g4 17. h3 gxh3 18. gxh3 Qg5+ 19. Kh2 Qh6 20. Rf4 Kh8 21. Rg1 Bd7 22. Bf3 Nc7 23. c5 {1-0 (79) Nguyen,V (1863)-Do,A (1565) Ho Chi Minh City 2019}) 15... g5 16. Rab1 Bd7 17. b4 a6 18. a4 Nc7 19. c5 Ne8 20. b5 axb5 21. axb5 Ng7 22. bxc6 bxc6 23. Rb7 Ra3 (23... Rfc8 $142) 24. Qb2 (24. Nb5 $16 Ra4 25. Nd6) 24... Rfa8 $14 25. Rb8+ Rxb8 26. Qxb8+ Be8 27. Qb4 Qa7 28. Rb1 h6 29. Kf2 Kh7 30. Rb3 Rxb3 31. Qxb3 Qa1 32. Bd3 h5 33. Nb1 Qa7 34. Qa3 Qb7 35. g3 h4 36. Nd2 Bh5 37. gxh4 g4 38. Nf1 Qe7 39. Ng3 Qxh4 40. Kg1 Be8 41. Qb2 Qd8 42. Qf2 Qa5 43. Ne2 Qd2 (43... Nh5 $11) 44. Nf4 $36 {[%mdl 2048] Keeping Black busy.} Qc1+ 45. Kg2 {Black must now prevent Nxe6!} Kg8 46. Kg3 Bf7 47. Ba6 Qb1 48. Bf1 Kf8 (48... Nh5+ $11 {keeps the balance.} 49. Nxh5 Bxh5) 49. h3 gxh3 50. Kxh3 Ne8 {[#]} ({Black should try} 50... Nh5 $14) 51. Kg3 (51. Kg2 $142 $1) 51... Nc7 52. Bd3 Qc1 53. Kf3 {Hoping for Qh4.} Bh5+ {[#]} ({Better is} 53... Nb5 $14) 54. Nxh5 (54. Kg2 $1 $16 Qd1 55. Bc2 Qg4+ 56. Kf1) 54... Qh1+ $11 {The position is equal.} 55. Ke2 Qxh5+ 56. Kd2 Ke7 57. Qg1 Qh7 58. Qg5+ Kd7 59. Be2 Kc8 60. Bh5 Kb7 61. Qg6 {Cut Off at move 61} Qh8 62. Qf7 Qa8 63. Ke1 Qa1+ 64. Kf2 Qh1 65. Be2 Qh4+ 66. Kf3 Qe1 67. Qd7 Qa1 68. Bd3 Qh1+ 69. Kf2 Qh2+ 70. Kf3 Qa2 71. Be2 Qa3 72. Bf1 Qa1 73. Be2 Qh1+ 74. Kf2 Qh4+ 75. Kf3 Qh1+ {Weighted Error Value: White=0.15/Black=0.14} 1/2-1/2

[Event "XXVII RUS-chT Premier 2020"]
[Site "Sochi"]
[Date "2020.11.26"]
[Round "7.18"]
[White "Ter-Saakian, Grigorii"]
[Black "Linker, Mikhail"]
[Result "0-1"]
[WhiteElo "2296"]
[BlackElo "2269"]
[Annotator "TA"]
[PlyCount "104"]
[EventDate "2020.11.19"]
[EventType "team-tourn"]
[EventCountry "RUS"]
[SourceTitle "playchess.com"]
[Source "ChessBase"]
[SourceQuality "1"]

{[%evp 18,104,12,-2,1,-40,-41,-58,-52,-57,-50,-52,-68,-62,-45,-45,-45,-60,-60,-60,-60,-64,-64,-64,-64,-64,-60,-58,-45,-45,-45,-60,-45,-60,-46,-60,-60,-68,-68,-68,-68,-68,-61,-66,0,-68,-68,-68,-68,-68,-68,-71,-68,-100,0,-75,-84,-100,-63,-185,-185,-185,-185,-310,-308,-268,-247,-310,-310,-281,-287,-394,-390,-530,-529,-1212,-1176,-1114,-1109,-1004,-935,-1178,-1072,-5647,-2650,-29986,-6528,-29979,-29980]} 1. Nf3 Nf6 2. c4 e6 3. Nc3 d5 4. e3 Be7 5. b3 O-O 6. Bb2 b6 7. Be2 Bb7 8. O-O c5 9. d4 Nbd7 10. Ne5 dxc4 {E14: Queen's Indian: Classical Variation (4 e3).} 11. bxc4 cxd4 12. exd4 Nxe5 {Black is slightly better.} 13. dxe5 Ne4 14. Qc2 Nxc3 {[#]} 15. Qxc3 $146 ({Predecessor:} 15. Bxc3 Bc5 16. Bd3 h6 17. Kh1 Qc7 18. f4 Qc6 19. Rae1 Rad8 20. Bh7+ Kh8 21. Be4 {0-1 (62) Zharkov,A (2106)-Makhianov,V Tula 2000}) 15... Bc5 16. Rad1 {[#]} Qg5 $1 {[%csl Gb7][%cal Rg5g2][%mdl 512]} 17. Qg3 Qxg3 18. hxg3 Rfd8 19. Rxd8+ Rxd8 20. Rd1 Rxd1+ 21. Bxd1 $15 {[%mdl 4096] Endgame KBB-KBB} Kf8 22. Kf1 Ke7 23. f3 h5 24. Bc2 Kd8 25. Ke2 Kc7 26. Bd3 Bc6 27. Bc3 g6 28. Bb2 Kb7 29. Bc3 Ka6 30. Ke1 Kb7 31. Ke2 $1 a6 32. Bb2 b5 33. cxb5 axb5 34. Bc2 Ka6 35. Bc3 Kb7 (35... b4 $17 36. Bd2 Bd4) 36. Bd3 (36. Bb2 $1 $11) 36... Kb6 $17 37. Bb2 Bd5 38. Bb1 {Loses the game.} (38. a3 $15) 38... Bc4+ $19 39. Ke1 b4 {[%cal Bb5b4,Bb4b3][%mdl 32]} 40. Ba1 (40. Bc2 $142) 40... Ka5 41. Bb2 Kb5 42. Ba1 Be3 43. Bb2 Kc5 44. a3 b3 45. Be4 Bd4 46. Bxd4+ Kxd4 {KB-KB} 47. Kd2 Bf1 48. a4 Bxg2 49. a5 Bf1 50. Kc1 Kc3 (50... g5 $142 51. a6 Bxa6) 51. f4 Bc4 (51... Be2 $142 52. Kb1 Bb5 53. Kc1 b2+ 54. Kb1 Bc4 55. a6 Bxa6 56. Ka2 Bf1 57. Ka3 Bc4 58. Ka4 Bd3 59. Bxd3 Kxd3 60. Kb5 b1=Q+ 61. Kc5 Qg1+ 62. Kc6 Qxg3 63. f5 Qxe5 64. f6 h4 65. Kd7 h3 66. Ke7 h2 67. Kf8 Qxf6 68. Ke8 h1=Q 69. Kd7 Qd5+ 70. Ke8 Qdd8#) 52. Kb1 b2 {Weighted Error Value: White=0.68/Black=0.40} 0-1

[Event "XXVII RUS-chT Premier 2020"]
[Site "Sochi"]
[Date "2020.11.26"]
[Round "7.19"]
[White "Najer, Evgeniy"]
[Black "Dubov, Daniil"]
[Result "1/2-1/2"]
[WhiteElo "2648"]
[BlackElo "2699"]
[Annotator "TA"]
[PlyCount "81"]
[EventDate "2020.11.19"]
[EventType "team-tourn"]
[EventCountry "RUS"]
[SourceTitle "playchess.com"]
[Source "ChessBase"]
[SourceQuality "1"]

{[%evp 13,81,0,28,0,0,0,0,0,1,-2,-4,-1,0,-12,20,0,0,0,0,0,0,0,13,11,25,15,15,21,27,0,0,0,7,0,0,0,0,0,0,0,0,0,22,0,0,0,0,0,0,0,12,0,12,12,12,12,15,15,15,12,34,0,0,0,0,0,0,0,0,0]} 1. e4 e5 2. Nf3 Nc6 3. Bb5 a6 4. Ba4 Nf6 5. O-O b5 6. Bb3 Bc5 7. d3 h6 8. Nc3 {C78: Ruy Lopez: Archangelsk and Möller Defences.} d6 9. Nd5 Na5 10. Be3 Nxb3 11. axb3 Nxd5 {[#]} 12. Bxc5 $146 ({Predecessor:} 12. exd5 O-O 13. Bxc5 dxc5 14. c4 Re8 15. Re1 Qd6 16. Nd2 f5 17. cxb5 Qxd5 18. Qf3 {0-1 (55) Krnan,T (2436)-Motuz,K (2423) Tatranska Lomnica 2017}) 12... Ne7 13. Be3 f5 14. d4 fxe4 15. Nd2 exd4 16. Bxd4 O-O 17. Nxe4 Nf5 18. Bc3 {[#] Strongly threatening Qd5+.} d5 19. Ng3 d4 20. Bb4 Nxg3 21. fxg3 (21. hxg3 $5 {[%cal Rb4f8]} Rf5 22. Re1 $11) 21... Rxf1+ 22. Qxf1 Qd5 23. Qf8+ Kh7 24. Qc5 Qxc5 25. Bxc5 $11 {[%mdl 4096] Endgame KRB-KRB} Bf5 26. Bxd4 Bxc2 27. b4 Rd8 28. Bc3 Rd1+ 29. Rxd1 Bxd1 {KB-KB} 30. Kf2 Bb3 31. g4 Bd5 32. Bd4 Kg6 33. g3 Kf7 34. Ke3 Bg2 35. Be5 c6 36. h4 Bh3 37. Kd4 Bxg4 {The position is equal.} 38. Kc5 Bf3 39. Kb6 h5 40. Kxa6 g6 41. Kb6 {Not much happened in this game.  Weighted Error Value: White=0.05/Black=0.05} 1/2-1/2

[Event "XXVII RUS-chT Premier 2020"]
[Site "Sochi"]
[Date "2020.11.26"]
[Round "7.20"]
[White "Riazantsev, Alexander"]
[Black "Malakhov, Vladimir"]
[Result "1/2-1/2"]
[WhiteElo "2628"]
[BlackElo "2676"]
[Annotator "TA"]
[PlyCount "50"]
[EventDate "2020.11.19"]
[EventType "team-tourn"]
[EventCountry "RUS"]
[SourceTitle "playchess.com"]
[Source "ChessBase"]
[SourceQuality "1"]

{[%evp 11,50,0,-8,-15,0,0,0,0,0,-18,0,0,0,0,0,0,0,0,0,0,-7,0,0,-6,27,21,14,16,39,-21,-8,-36,0,0,0,0,0,0,0,0,0]} 1. e4 e5 2. Nf3 Nc6 3. d4 exd4 4. Nxd4 Bc5 5. Nb3 Bb6 6. Nc3 Nf6 7. Qe2 {C45: Scotch Game.} a5 8. a4 O-O 9. Bg5 h6 10. Bh4 Nd4 11. Qd3 Nxb3 12. cxb3 c6 13. O-O-O d5 14. Qc2 Qd6 {[#] White must now prevent ...Qf4+.} 15. Kb1 d4 16. f3 Nd7 17. Bc4 {[#]} Nc5 $146 ({Predecessor:} 17... Ne5 18. Bg3 Bd7 19. Rd2 Rad8 20. Rhd1 Qe7 21. Bxe5 Qxe5 22. g3 Rfe8 23. Ne2 Bc8 {½-½ (36) Pugh,J (2471)-Schulz,G (2432) ICCF email 2018}) 18. Ne2 Na6 19. Bg3 Qf6 20. Nf4 ({White should play} 20. e5 $14 Qd8 21. Rhe1) 20... Nb4 $11 21. Qc1 Bd7 22. Nh5 {The position is equal.} Qg6 23. Nf4 Qf6 24. Nh5 Qg6 25. Nf4 Qf6 {Not much happened in this game.  Weighted Error Value: White=0.07/Black=0.06} 1/2-1/2